| 000 | 00459nam a2200157 4500 | ||
|---|---|---|---|
| 001 | 108718 | ||
| 003 | ES-MaACL | ||
| 005 | 20230906184709.0 | ||
| 007 | t| | ||
| 008 | 061121q19401949sp r ||||1| spa d | ||
| 100 | 1 |
_aMontojo y Burguero, Luis. _982673 |
|
| 245 | 1 | 3 |
_aLa legĂtima de los hijos y descendientes / _cpor Luis Montojo y Burguero. |
| 260 |
_aMadrid : _bEscelicer, _c[194-?] |
||
| 300 |
_a391 p. ; _c22 cm. |
||
| 852 |
_aES-MaACL _jA-4316 _bR.23485 |
||
| 999 |
_c108718 _d108718 |
||